<?xml version="1.0" encoding="UTF-8"?>
<record
    xmlns:xsi="http://www.w3.org/2001/XMLSchema-instance"
    xsi:schemaLocation="http://www.loc.gov/MARC21/slim http://www.loc.gov/standards/marcxml/schema/MARC21slim.xsd"
    xmlns="http://www.loc.gov/MARC21/slim">

  <leader>01013nam a2200277 i 4500</leader>
  <controlfield tag="001">142657</controlfield>
  <controlfield tag="003">ES-MaACL</controlfield>
  <controlfield tag="005">20250730233736.0</controlfield>
  <controlfield tag="007">t|</controlfield>
  <controlfield tag="008">071009s1961    sp           ||||1| cat d</controlfield>
  <datafield tag="080" ind1=" " ind2=" ">
    <subfield code="a">61(467.14 Reus)"12/15"</subfield>
  </datafield>
  <datafield tag="080" ind1=" " ind2=" ">
    <subfield code="a">92:61(467.14 Reus)</subfield>
  </datafield>
  <datafield tag="100" ind1="1" ind2=" ">
    <subfield code="a">Vilaseca Anguera, Salvador.</subfield>
    <subfield code="9">114839</subfield>
  </datafield>
  <datafield tag="245" ind1="1" ind2="0">
    <subfield code="a">Metges, cirurgians i apotecaris reusencs dels segles XIII-XVI </subfield>
    <subfield code="b">: la cofraria dels Sants Metges de Reus / </subfield>
    <subfield code="c">Salvador Vilaseca Anguera ; pr&#xE1;oleg de A. Pedro-Pons.</subfield>
  </datafield>
  <datafield tag="260" ind1=" " ind2=" ">
    <subfield code="a">Reus : </subfield>
    <subfield code="b">Asociaci&#xF3;n de Estudios Reusenses, </subfield>
    <subfield code="c">1961.</subfield>
  </datafield>
  <datafield tag="300" ind1=" " ind2=" ">
    <subfield code="a">178 p. : </subfield>
    <subfield code="b">il. ; </subfield>
    <subfield code="c">25 cm.</subfield>
  </datafield>
  <datafield tag="490" ind1="1" ind2=" ">
    <subfield code="a">Edicions "Rosa de Reus" ; </subfield>
    <subfield code="v">25</subfield>
  </datafield>
  <datafield tag="650" ind1=" " ind2="4">
    <subfield code="a">M&#xE9;dicos-</subfield>
    <subfield code="z">Reus.</subfield>
    <subfield code="9">14943</subfield>
  </datafield>
  <datafield tag="650" ind1=" " ind2="4">
    <subfield code="a">Farmac&#xE9;uticos-</subfield>
    <subfield code="z">Reus.</subfield>
    <subfield code="9">12718</subfield>
  </datafield>
  <datafield tag="650" ind1=" " ind2="4">
    <subfield code="a">Cirujanos-</subfield>
    <subfield code="z">Reus.</subfield>
    <subfield code="9">11060</subfield>
  </datafield>
  <datafield tag="700" ind1="1" ind2=" ">
    <subfield code="a">Pedro Pons, A.,</subfield>
    <subfield code="d">1898-1971</subfield>
    <subfield code="9">89929</subfield>
  </datafield>
  <datafield tag="710" ind1="0" ind2="0">
    <subfield code="a">Asociaci&#xF3;n de Estudios Reusenses.</subfield>
    <subfield code="9">1590</subfield>
  </datafield>
  <datafield tag="830" ind1="0" ind2=" ">
    <subfield code="a">Edicions "Rosa de Reus" ; </subfield>
    <subfield code="v">25</subfield>
    <subfield code="9">220502</subfield>
  </datafield>
  <datafield tag="852" ind1=" " ind2=" ">
    <subfield code="a">ES-MaACL</subfield>
    <subfield code="j">F-14053</subfield>
  </datafield>
  <datafield tag="999" ind1=" " ind2=" ">
    <subfield code="c">142657</subfield>
    <subfield code="d">142657</subfield>
  </datafield>
  <datafield tag="952" ind1=" " ind2=" ">
    <subfield code="0">0</subfield>
    <subfield code="1">0</subfield>
    <subfield code="4">0</subfield>
    <subfield code="7">0</subfield>
    <subfield code="a">ATENEOM</subfield>
    <subfield code="b">ATENEOM</subfield>
    <subfield code="c">SPP2</subfield>
    <subfield code="d">2008-01-17</subfield>
    <subfield code="e">SC</subfield>
    <subfield code="l">0</subfield>
    <subfield code="o">F-14053</subfield>
    <subfield code="p">1148433</subfield>
    <subfield code="r">2023-02-23 00:00:00</subfield>
    <subfield code="w">2023-02-23</subfield>
    <subfield code="y">MONOGRAFIA</subfield>
  </datafield>
</record>
